000
00314nam a2200109Ia 4500
008
171205s9999 xx 000 0 und d
020
_a
9780170365505
100
_a
Thompson, Kate
245
_a
Society and Culture Preliminary and HSC
260
_b
Cengage Learning Australia Pty Limited
_c
2015
300
_a
336 pages
999
_c
347407
_d
347407